000 00429nam a22001697a 4500
999 _c7559
_d7559
003 OSt
005 20190213105907.0
008 190213b ||||| |||| 00| 0 eng d
020 _a0946462410
040 _cDLC
082 _aREF 220.3
_bS918D
100 _aStringer, I
245 _aA Dictionary Of Bible Knowledge /
_cBy I Stringer B.A
260 _aUK :
_bGrace Baptist Mission,
_cc1990.
300 _a294 p.:
942 _2ddc
_cBK